000 00688nam a2200229Ia 4500
003 OSt
005 20220923230659.0
006 a|||||r|||| 00| 0
007 ta
008 Pun
024 _a304,700
037 _cTextual
040 _aARTS
_cARTS
_bPun
041 _2Pun
_aPun
082 _aV2:211wL25, 153K9
100 _aFਰਮਾ, ਹੀਰਾ ਲਾਲ; ਮੋਹਨ ਸਿੰਘ, ੳਗ.
_9169120
245 0 _aਅਹਿੱਲਿਆ ਬਾਈ
260 _c1969
650 _aਭਾਰਤੀਯ ਇਤਿਹਾਸ
942 _hV2:211wL25, 153K9
_cTEXL
_2CC
999 _c386507
_d386507